Tout les éléments styles de joueurs sur FC 25 - Statistiques

Statistiques générales
  • Ce quiz a été pris 13 fois
  • Le résultat moyen est 8 sur 22
Statistiques - réponses
Poste Style % Correct
Spécial Chasseur
100%
Spécial Ombre
85%
Gardien Chat
69%
Défensifs Pilier
69%
Milieu Artiste
46%
Milieu Moteur
46%
Gardien Mur
46%
Offensifs Canonnier
38%
Milieu Maestro
38%
Milieu Architecte
31%
Spécial Catalyseur
31%
Offensifs Finisseur
31%
Gardien Gant
31%
Offensifs Sniper
31%
Défensifs Garde
23%
Défensifs Gladiateur
23%
Défensifs Sentinelle
23%
Offensifs Vista
23%
Gardien Bouclier
15%
Défensifs Charnière
15%
Offensifs Œil de linx
15%
Milieu Roc
15%
Aucun quiz correspondant
Distribution des résultats
% des personnes avec chaque résultat
Percentile par nombre de réponses
Votre historique - résultats
Vous n’avez pas pris ce quiz